000
00330 a2200157 4500
001
182864
020
_a
040
_c
Magnum
100
_a
Faleiro, Zilka Mendes
240
1
0
_a
Meus amores em poesias
_l
por
245
1
0
_a
Meus amores em poesias
300
_a
89
362
0
_a
1994
697
_a
LITERATURA GERAL
942
_c
BK
999
_c
182864
_d
182864